000 00595nam a2200229Ia 4500
003 OSt
005 20220918231052.0
006 a|||||r|||| 00| 0
007 ta
008 220917b |||||||| |||| 00| 0 eng d
024 _a262,923
037 _cTextual
040 _aARTS
_cARTS
_beng
041 _2eng
_aeng
082 _aB2, K8
100 _aBerlekamp Elwyn R.
_9153750
245 0 _aAlgebraic coding theory
260 _aLondon
_bMc Graw - Hill Book Company UK
_c1968
300 _a466p.
_ccm.
942 _hB2, K8
_cTEXL
_2CC
999 _c289752
_d289752